| 000 | 00352nam a22001457a 4500 | ||
|---|---|---|---|
| 003 | SGT | ||
| 020 | _a938426680-9 | ||
| 082 |
_a615.321 _bBHA |
||
| 100 | _aBHAMBAR, DR. RAJENDER | ||
| 245 | _aPHARMACOGNOSY AND PHYTOCHEMISTRY | ||
| 260 |
_aINDIA _bBIRLA PUB. _c2023 |
||
| 300 | _a56 | ||
| 650 | _aPHARMACOGNOSY AND PHYTOCHEMISTRY | ||
| 942 |
_2ddc _cBK |
||
| 999 |
_c33023 _d33023 |
||